000 00690nam a2200289Ia 4500
005 20260324150830.0
008 008 260324s9999 xx 000 0 eng d
020 _a9781315451619
037 _aEBOOK
040 _aCRL
040 _beng
040 _cCRL
041 _2eng
041 _aeng
084 _qCRL
100 _aC.F. Andrews
_91227617
245 0 _aRoutledge Revivals: The Indian Earthquake (1935)
245 2 _bA Plea for Understanding
260 _bTaylor and Francis
260 _c1935
365 _a
365 _b180
856 _uhttp://www.taylorfrancis.com/books/9781315451619
942 _cEBOOK
999 _c1837920
_d1837920